• 首页
  • 本馆介绍
  • 公告通知
  • 最新文献
  • 馆藏检索
  • 电子资源
  • 读者导购
  • 参考咨询
  • 我的图书馆
  • 登录
  • 详细信息显示
  • 放入我的书架
  • 预约/预借图书
  • 作者相关作品
  • 分类相关作品
  • 丛书相关作品
  • 出版社相关作品

书目信息

  • 表格格式
  • 工作单格式
  • 卡片格式
题名:
微信公众平台网页开发实战
    
 
作者: 席新亮 编著
分册:  
出版信息: 北京   电子工业出版社  2017.5
页数: 10,246页
开本: 24cm
丛书名:
单 册:
中图分类: TN929.53 , TP393.092 , TP312HT
科图分类:
主题词: 移动终端--应用程序--程序设计 , 网页制作--程序设计--超文本标记语言,HTML
电子资源:
ISBN: 978-7-121-31363-9
000 01294nam0 2200289 450
001 0400009219
005 20171119113529.0
010    @a978-7-121-31363-9@dCNY69.00
100    @a20170802d2017 em y0chiy50 ea
101 0  @achi
102    @aCN@b110000
105    @ay z 000yy
106    @ar
200 1  @a微信公众平台网页开发实战@Awei xin gong zhong ping tai wang ye kai fa shi zhan@eHTML5+JSSDK混合开发解密@f席新亮等编著
210    @a北京@c电子工业出版社@d2017.5
215    @a10,246页@d24cm
314    @a席新亮,HTML5、JavaScript技术爱好者。著有《超实用的JavaScript代码段》一书。
330    @a本书涵盖了微信网页开发的所有API案例实战以及所有样式库。全书分为13章,第1~2章介绍了不同类型微信公众号的区别和微信内网页JSSDK的开发环境;第3~9章介绍了微信开放的所有API,并提供了最贴近现实的实例;第10章通过实例演示了微信提供的网页样式;第11~12章利用微信JSSDK+HTML 5技术实现了两个大的项目应用;最后一章介绍一些微信开发的技巧及问题。
517 1  @aHTML5+JSSDK混合开发解密@AHTML5+JSSDK hun he kai fa jie mi
606 0  @a移动终端@x应用程序@x程序设计
606 0  @a网页制作@x程序设计@x超文本标记语言,HTML
690    @aTN929.53@v5
690    @aTP393.092@v5
690    @aTP312HT@v5
701  0 @a席新亮@Axi xin liang@4编著
801  0 @aCN@b上海新华@c20171119
905    @b1028703-7@dTN929.53@e254@f5
    
    微信公众平台网页开发实战:HTML5+JSSDK混合开发解密/席新亮等编著.-北京:电子工业出版社,2017.5
    10,246页;24cm
    
    
    ISBN 978-7-121-31363-9:CNY69.00
    本书涵盖了微信网页开发的所有API案例实战以及所有样式库。全书分为13章,第1~2章介绍了不同类型微信公众号的区别和微信内网页JSSDK的开发环境;第3~9章介绍了微信开放的所有API,并提供了最贴近现实的实例;第10章通过实例演示了微信提供的网页样式;第11~12章利用微信JSSDK+HTML 5技术实现了两个大的项目应用;最后一章介绍一些微信开发的技巧及问题。
●
相关链接 在E读中查询图书 在五车中查询图书 在当当中查询图书 在豆瓣中查询图书


正题名:微信公众平台网页开发实战     索取号:TN929.53/254         预约/预借

序号 登录号 条形码 馆藏地/架位号 状态 备注
1 1028703   210287036   第二样本阅览室/ [索取号:TN929.53/254] 在馆    
2 1028704   210287045   密集书库-物理学院/ [索取号:TN929.53/254] 在馆    
3 1028705   210287054   第三借阅区/ [索取号:TN929.53/254] 在馆    
4 1028706   210287063   第三借阅区/ [索取号:TN929.53/254] 在馆    
5 1028707   210287072   第三借阅区/ [索取号:TN929.53/254] 在馆    
唐山师范学院图书馆 欢迎您!
大连网信软件有限公司© 版权所有